Už nemusíme vytvářet rezervace

Bibliographic Details
Main Authors: Belišová, Jana, 1966- (Author, ain), Zíma, Miroslav (Author, uin), Vašečka, Imrich, 1947- (Author, uin)
Format: Article
Language:Czech
Slovak
PhysicalDescription:Fotogr.
Subjects:

MARC

LEADER 00000nab a2200000 a 4500
001 vtls000749639
003 SK-MaSNL
005 20260304221208.0
008 040806c2000 xo 0 cze
015 |a SNBRB2001/03-06848 
035 |a CLN000101446 
040 |a SNKBUCL  |b slo  |c SNKBUCL  |e AACR2 
041 0 |a slo 
044 |a xo  |c SK 
080 |a 323.15(437.1/.2=914.99)  |2 UDC-MRF-SK2 
100 1 |a Belišová, Jana,  |d 1966-  |4 aut  |4 ain  |9 117909 
245 1 0 |a Už nemusíme vytvářet rezervace  |c Jana Belišová 
300 |b Fotogr. 
650 0 7 |a Rómovia  |2 snkbucl  |9 1702 
651 7 |a Česko  |2 snkbucl  |9 16753 
655 7 |a články z novín a časopisov  |2 snkbucl  |9 267496 
700 1 |a Zíma, Miroslav  |4 aut  |4 uin  |9 384956 
700 1 |a Vašečka, Imrich,  |d 1947-  |4 aut  |4 uin  |9 209981 
773 0 |t Mosty  |g Roč. 9, č. 48 (2000), s. 1-2 
850 |a Slovenská národná knižnica v Martine 
852 |a SNK  |b KIS3GCP 
958 |a CZ 
999 |c 3156521  |d 3158451